| Поле | Название | Значение |
| |
Тип записи |
a |
| |
Библиографический уровень |
m |
| 001 |
Контрольный номер |
RU/SLIB/B/208726395 |
| 005 |
Дата корректировки |
20211227113540.7 |
| 010 |
Индекс ISBN |
__ |
| a |
ISBN |
5-244-00088-8 |
| 010 |
Индекс ISBN |
__ |
| d |
Цена |
2-40 |
| 100 |
Данные общей обработки |
__ |
| a |
Данные общей обработки |
20211227d1988 m y0rusy028902 ca |
| 101 |
Язык документа |
0_ |
| a |
Язык текста |
rus |
| c |
Язык оригинала |
rus |
| 102 |
Страна публикации |
__ |
| a |
Страна публикации |
RU |
| 105 |
Кодированные данные (монография) |
__ |
| a |
Кодированные данные (монография) |
y z 000yy |
| 181 |
Поле кодированных данных: вид содержания |
_0 |
| a |
Код вида содержания (ISBD) |
i |
| 182 |
Поле кодированных данных: тип средства |
_0 |
| a |
Код типа средства (ISBD) |
n |
| 200 |
Заглавие и сведения об ответственности |
0_ |
| a |
Заглавие |
Франклин Рузвельт |
| f |
Первые сведения об ответственности |
Мальков В. Л. |
| b |
Общее обозначение материала |
Текст |
| 210 |
Выходные данные |
1_ |
| a |
Место издания |
М. |
| c |
Издательство |
Мысль |
| d |
Дата издания |
1988 |
| 215 |
Физическое описание |
__ |
| a |
Объем |
350 с. |
| 330 |
Аннотация |
__ |
| a |
Аннотация |
Показана роль Ф. Рузвельта в определении курса государственной политики в 1933-1945 годы, в установлении дипломатических отношений с Советским Союзом, участии США в антигитлеровской коалиции |
| 600 |
Персоналии |
_1 |
| a |
Персоналии (Фамилия) |
Рузвельт, Ф. Д. |
| 606 |
Тематические рубрики |
__ |
| a |
Основная рубрика |
История |
| z |
Хронологическая подрубрика |
1933-1945 гг.; 20 в. |
| y |
Географическая подрубрика |
США; Америка |
| 606 |
Тематические рубрики |
__ |
| a |
Основная рубрика |
Америка с 1918 г. - |
| 610 |
Ключевые слова |
0_ |
| a |
Ключевые слова |
президенты; правительства; антигитлеровская коалиция; персоналии; историческая литература |
| 686 |
Индексы других классификаций |
__ |
| a |
Классификационный индекс |
63.3(7Сое)6-8 |
| 700 |
Автор |
_1 |
| a |
Фамилия |
Мальков |
| b |
Имя |
В. Л. |
| 4 |
Код отношения |
070 |
| 801 |
Источник записи |
_0 |
| a |
Страна |
RU |
| b |
Организация |
Муниципальное бюджетное учреждение культуры "Централизованная библиотечная система" г. Сургут (Центральная городская библиотека им. А. С. Пушкина) |
| g |
Правила каталогизации |
КиК/Елгина |
| 801 |
Источник записи |
_1 |
| a |
Страна |
RU |
| b |
Организация |
Муниципальное бюджетное учреждение культуры "Централизованная библиотечная система" г. Сургут (Центральная городская библиотека им. А. С. Пушкина) |
| g |
Правила каталогизации |
КиК/Елгина |
| 852 |
Данные о местонахождении |
__ |
| j |
Шифр хранения |
63.3(7Сое)6-8 |
| i |
Авторский знак |
М 18 |
| p |
Инвентарный номер |
34471 |
| 901 |
Тип документа |
__ |
| t |
Тип документа |
m |
| 990 |
Данные о заказе (DOS) |
__ |
| j |
Количество экземпляров (DOS) |
1 |